[Event "DEM U12w 2024"]
[Site "Willingen GER"]
[Date "2024.05.23"]
[Round "7"]
[White "Ramakrishnan, Veda"]
[Black "Bohatyrova, Mariia"]
[Result "0-1"]
[Termination "normal"]
[Board "1"]
[WhiteElo "1482"]
[BlackElo "1588"]
[WhiteClock "00:03:22"]
[BlackClock "00:29:02"]
[PlyCount "120"]
[WhiteFideId "16269519"]
[BlackFideId "34165789"]
[EventCountry "GER"]
[EventRounds "9"]
[EventType "swiss"]
[EventDate "2024.05.18"]

1. Nf3 {[%clk 01:30:58]} {[%emt 00:00:02]} d5 {[%clk 01:29:43]} {[%emt
00:01:18]} 2. e3 {[%clk 01:31:18]} {[%emt 00:00:09]} Nf6 {[%clk 01:29:51]}
{[%emt 00:00:22]} 3. c4 {[%clk 01:31:33]} {[%emt 00:00:15]} e6 {[%clk
01:30:14]} {[%emt 00:00:08]} 4. b3 {[%clk 01:31:50]} {[%emt 00:00:13]} Be7
{[%clk 01:29:10]} {[%emt 00:01:33]} 5. Bb2 {[%clk 01:31:16]} {[%emt 00:01:03]}
O-O {[%clk 01:29:24]} {[%emt 00:00:17]} 6. Nc3 {[%clk 01:30:06]} {[%emt
00:01:41]} b6 {[%clk 01:26:55]} {[%emt 00:02:58]} 7. cxd5 {[%clk 01:26:19]}
{[%emt 00:04:17]} Nxd5 {[%clk 01:26:50]} {[%emt 00:00:35]} 8. Be2 {[%clk
01:26:20]} {[%emt 00:00:28]} Bb7 {[%clk 01:26:24]} {[%emt 00:00:57]} 9. O-O
{[%clk 01:26:20]} {[%emt 00:00:30]} Nd7 {[%clk 01:22:35]} {[%emt 00:04:19]} 10.
d4 {[%clk 01:23:34]} {[%emt 00:03:16]} c5 {[%clk 01:21:12]} {[%emt 00:01:53]}
11. Rc1 {[%clk 01:21:14]} {[%emt 00:02:51]} Rc8 {[%clk 01:14:36]} {[%emt
00:07:05]} 12. Qd2 {[%clk 01:11:38]} {[%emt 00:10:06]} N7f6 {[%clk 01:09:06]}
{[%emt 00:05:59]} 13. Ne5 {[%clk 01:00:04]} {[%emt 00:12:04]} Nxc3 {[%clk
01:00:44]} {[%emt 00:08:52]} 14. Qxc3 {[%clk 00:56:49]} {[%emt 00:03:44]} Nd5
{[%clk 00:49:48]} {[%emt 00:11:27]} 15. Qd2 {[%clk 00:53:25]} {[%emt 00:03:55]}
f6 {[%clk 00:45:09]} {[%emt 00:05:09]} 16. Nd3 {[%clk 00:51:47]} {[%emt
00:02:07]} cxd4 {[%clk 00:36:53]} {[%emt 00:08:46]} 17. Bxd4 {[%clk 00:51:14]}
{[%emt 00:01:03]} e5 {[%clk 00:35:13]} {[%emt 00:02:11]} 18. Rxc8 {[%clk
00:43:59]} {[%emt 00:07:45]} Bxc8 {[%clk 00:35:14]} {[%emt 00:00:29]} 19. Bc3
{[%clk 00:43:22]} {[%emt 00:01:08]} Nxc3 {[%clk 00:34:38]} {[%emt 00:01:06]}
20. Qxc3 {[%clk 00:43:40]} {[%emt 00:00:12]} Be6 {[%clk 00:34:24]} {[%emt
00:00:43]} 21. Rd1 {[%clk 00:38:31]} {[%emt 00:05:40]} Qc8 {[%clk 00:32:50]}
{[%emt 00:02:03]} 22. Qb2 {[%clk 00:36:08]} {[%emt 00:02:54]} Rd8 {[%clk
00:31:45]} {[%emt 00:01:34]} 23. f3 {[%clk 00:31:56]} {[%emt 00:04:43]} Qb7
{[%clk 00:25:16]} {[%emt 00:06:57]} 24. e4 {[%clk 00:28:42]} {[%emt 00:03:46]}
b5 {[%clk 00:23:32]} {[%emt 00:02:13]} 25. b4 {[%clk 00:25:54]} {[%emt
00:03:19]} Qb6+ {[%clk 00:23:37]} {[%emt 00:00:25]} 26. Kf1 {[%clk 00:25:28]}
{[%emt 00:00:56]} Bc4 {[%clk 00:21:14]} {[%emt 00:02:53]} 27. a3 {[%clk
00:23:32]} {[%emt 00:02:27]} a5 {[%clk 00:18:02]} {[%emt 00:03:42]} 28. Qc2
{[%clk 00:17:43]} {[%emt 00:06:19]} Kf8 {[%clk 00:08:11]} {[%emt 00:10:21]} 29.
Nc5 {[%clk 00:10:32]} {[%emt 00:07:40]} Rxd1+ {[%clk 00:06:31]} {[%emt
00:02:10]} 30. Qxd1 {[%clk 00:10:51]} {[%emt 00:00:12]} Bxc5 {[%clk 00:05:25]}
{[%emt 00:01:36]} 31. bxc5 {[%clk 00:08:26]} {[%emt 00:02:54]} Qxc5 {[%clk
00:04:46]} {[%emt 00:01:10]} 32. Qd8+ {[%clk 00:08:39]} {[%emt 00:00:16]} Kf7
{[%clk 00:05:08]} {[%emt 00:00:08]} 33. Qxa5 {[%clk 00:08:49]} {[%emt
00:00:20]} Qd6 {[%clk 00:03:32]} {[%emt 00:02:04]} 34. Bxc4+ {[%clk 00:06:59]}
{[%emt 00:02:22]} bxc4 {[%clk 00:03:16]} {[%emt 00:00:46]} 35. Qd5+ {[%clk
00:02:54]} {[%emt 00:04:34]} Qxd5 {[%clk 00:03:40]} {[%emt 00:00:07]} 36. exd5
{[%clk 00:03:21]} {[%emt 00:00:03]} Ke7 {[%clk 00:03:47]} {[%emt 00:00:23]} 37.
Ke2 {[%clk 00:03:21]} {[%emt 00:00:30]} Kd6 {[%clk 00:03:57]} {[%emt 00:00:21]}
38. Kd2 {[%clk 00:03:32]} {[%emt 00:00:18]} Kxd5 {[%clk 00:04:18]} {[%emt
00:00:09]} 39. a4 {[%clk 00:02:43]} {[%emt 00:01:19]} Kc5 {[%clk 00:03:34]}
{[%emt 00:01:14]} 40. Kc3 {[%clk 00:03:05]} {[%emt 00:00:08]} h6 {[%clk
00:03:46]} {[%emt 00:00:19]} 41. a5 {[%clk 00:00:55]} {[%emt 00:03:14]} Kb5
{[%clk 00:04:08]} {[%emt 00:00:08]} 42. a6 {[%clk 00:01:09]} {[%emt 00:00:17]}
Kxa6 {[%clk 00:04:35]} {[%emt 00:00:03]} 43. Kxc4 {[%clk 00:01:34]} {[%emt
00:00:05]} Kb6 {[%clk 00:04:46]} {[%emt 00:00:19]} 44. Kd5 {[%clk 00:01:49]}
{[%emt 00:00:15]} Kc7 {[%clk 00:04:34]} {[%emt 00:00:42]} 45. Ke6 {[%clk
00:01:45]} {[%emt 00:00:34]} h5 {[%clk 00:02:10]} {[%emt 00:02:54]} 46. h3
{[%clk 00:11:57]} {[%emt 00:20:19]} h4 {[%clk 00:32:27]} {[%emt 00:00:12]} 47.
Kf5 {[%clk 00:11:06]} {[%emt 00:01:21]} Kd6 {[%clk 00:31:49]} {[%emt 00:01:07]}
48. Kg4 {[%clk 00:07:40]} {[%emt 00:03:57]} Kd5 {[%clk 00:26:05]} {[%emt
00:06:14]} 49. Kxh4 {[%clk 00:05:21]} {[%emt 00:02:49]} f5 {[%clk 00:26:21]}
{[%emt 00:00:15]} 50. Kg3 {[%clk 00:05:23]} {[%emt 00:00:27]} Kd4 {[%clk
00:26:08]} {[%emt 00:00:42]} 51. f4 {[%clk 00:02:08]} {[%emt 00:03:45]} e4
{[%clk 00:26:23]} {[%emt 00:00:15]} 52. Kf2 {[%clk 00:02:24]} {[%emt 00:00:15]}
Kd3 {[%clk 00:26:35]} {[%emt 00:00:17]} 53. Ke1 {[%clk 00:00:56]} {[%emt
00:01:58]} Ke3 {[%clk 00:26:48]} {[%emt 00:00:16]} 54. g3 {[%clk 00:01:00]}
{[%emt 00:00:26]} Kf3 {[%clk 00:27:08]} {[%emt 00:00:10]} 55. g4 {[%clk
00:01:27]} {[%emt 00:00:04]} fxg4 {[%clk 00:27:11]} {[%emt 00:00:27]} 56. hxg4
{[%clk 00:01:45]} {[%emt 00:00:13]} Kxg4 {[%clk 00:27:34]} {[%emt 00:00:06]}
57. Kf2 {[%clk 00:02:10]} {[%emt 00:00:05]} Kxf4 {[%clk 00:27:57]} {[%emt
00:00:07]} 58. Ke2 {[%clk 00:02:35]} {[%emt 00:00:05]} e3 {[%clk 00:28:19]}
{[%emt 00:00:08]} 59. Ke1 {[%clk 00:03:00]} {[%emt 00:00:04]} Kf3 {[%clk
00:28:42]} {[%emt 00:00:07]} 60. Kf1 {[%clk 00:03:22]} {[%emt 00:00:08]} e2+
{[%clk 00:29:02]} {[%emt 00:00:10]} 0-1

[Event "DEM U12w 2024"]
[Site "Willingen GER"]
[Date "2024.05.23"]
[Round "7"]
[White "Komar, Valerie"]
[Black "Wolf, Helena"]
[Result "1-0"]
[Termination "normal"]
[Board "3"]
[WhiteElo "1769"]
[BlackElo "1498"]
[WhiteClock "00:44:48"]
[BlackClock "00:18:57"]
[PlyCount "97"]
[WhiteFideId "34139664"]
[BlackFideId "34671030"]
[EventCountry "GER"]
[EventRounds "9"]
[EventType "swiss"]
[EventDate "2024.05.18"]

1. e4 {[%clk 01:30:59]} {[%emt 00:00:01]} c5 {[%clk 01:30:55]} {[%emt
00:00:05]} 2. c3 {[%clk 01:31:25]} {[%emt 00:00:03]} d5 {[%clk 01:31:20]}
{[%emt 00:00:05]} 3. exd5 {[%clk 01:31:51]} {[%emt 00:00:05]} Qxd5 {[%clk
01:31:44]} {[%emt 00:00:06]} 4. d4 {[%clk 01:32:16]} {[%emt 00:00:04]} g6
{[%clk 01:32:06]} {[%emt 00:00:09]} 5. Nf3 {[%clk 01:31:13]} {[%emt 00:01:33]}
Bg7 {[%clk 01:32:28]} {[%emt 00:00:08]} 6. Be3 {[%clk 01:31:01]} {[%emt
00:00:42]} cxd4 {[%clk 01:32:17]} {[%emt 00:00:41]} 7. cxd4 {[%clk 01:31:22]}
{[%emt 00:00:09]} Qa5+ {[%clk 01:32:06]} {[%emt 00:00:40]} 8. Nc3 {[%clk
01:30:11]} {[%emt 00:01:41]} Nh6 {[%clk 01:31:17]} {[%emt 00:01:19]} 9. Bb5+
{[%clk 01:29:44]} {[%emt 00:00:57]} Bd7 {[%clk 01:31:29]} {[%emt 00:00:18]} 10.
Bxd7+ {[%clk 01:28:36]} {[%emt 00:01:38]} Nxd7 {[%clk 01:31:44]} {[%emt
00:00:15]} 11. O-O {[%clk 01:26:15]} {[%emt 00:02:50]} O-O {[%clk 01:31:27]}
{[%emt 00:00:47]} 12. Qb3 {[%clk 01:24:26]} {[%emt 00:02:19]} Qb6 {[%clk
01:30:35]} {[%emt 00:01:23]} 13. Nd5 {[%clk 01:20:34]} {[%emt 00:04:21]} Qxb3
{[%clk 01:30:18]} {[%emt 00:00:45]} 14. Nxe7+ {[%clk 01:01:57]} {[%emt
00:19:10]} Kh8 {[%clk 01:30:39]} {[%emt 00:00:09]} 15. axb3 {[%clk 01:02:21]}
{[%emt 00:00:07]} Rfe8 {[%clk 01:30:03]} {[%emt 00:01:06]} 16. Nd5 {[%clk
01:01:12]} {[%emt 00:01:39]} Rec8 {[%clk 01:26:52]} {[%emt 00:03:39]} 17. Rfc1
{[%clk 00:58:33]} {[%emt 00:03:09]} a6 {[%clk 01:24:44]} {[%emt 00:02:39]} 18.
h3 {[%clk 00:54:29]} {[%emt 00:04:35]} Nf5 {[%clk 01:24:25]} {[%emt 00:00:48]}
19. g4 {[%clk 00:49:35]} {[%emt 00:05:24]} Nxe3 {[%clk 01:22:46]} {[%emt
00:02:10]} 20. fxe3 {[%clk 00:49:42]} {[%emt 00:00:23]} Bh6 {[%clk 01:22:18]}
{[%emt 00:00:57]} 21. Kf2 {[%clk 00:48:33]} {[%emt 00:01:38]} Rab8 {[%clk
01:03:08]} {[%emt 00:19:41]} 22. Rc3 {[%clk 00:47:17]} {[%emt 00:01:46]} Rxc3
{[%clk 01:02:07]} {[%emt 00:01:12]} 23. bxc3 {[%clk 00:47:27]} {[%emt
00:00:40]} Rc8 {[%clk 01:02:06]} {[%emt 00:00:30]} 24. c4 {[%clk 00:47:17]}
{[%emt 00:00:40]} Bg7 {[%clk 00:51:34]} {[%emt 00:11:01]} 25. Ng5 {[%clk
00:46:01]} {[%emt 00:01:47]} Rf8 {[%clk 00:46:57]} {[%emt 00:05:08]} 26. Ke2
{[%clk 00:45:44]} {[%emt 00:00:46]} h6 {[%clk 00:45:44]} {[%emt 00:01:43]} 27.
Ne4 {[%clk 00:45:46]} {[%emt 00:00:28]} Re8 {[%clk 00:40:23]} {[%emt 00:05:51]}
28. Kd3 {[%clk 00:45:01]} {[%emt 00:01:14]} Re6 {[%clk 00:34:27]} {[%emt
00:06:26]} 29. Rf1 {[%clk 00:44:23]} {[%emt 00:01:07]} Kg8 {[%clk 00:32:46]}
{[%emt 00:02:13]} 30. c5 {[%clk 00:44:18]} {[%emt 00:00:36]} Re8 {[%clk
00:24:09]} {[%emt 00:09:06]} 31. Nd6 {[%clk 00:43:36]} {[%emt 00:01:11]} Rb8
{[%clk 00:23:19]} {[%emt 00:01:20]} 32. Rxf7 {[%clk 00:43:22]} {[%emt
00:00:45]} Rd8 {[%clk 00:20:23]} {[%emt 00:03:26]} 33. Re7 {[%clk 00:41:42]}
{[%emt 00:02:07]} Bf8 {[%clk 00:18:36]} {[%emt 00:02:21]} 34. Nxb7 {[%clk
00:39:52]} {[%emt 00:02:19]} Bxe7 {[%clk 00:18:31]} {[%emt 00:00:35]} 35. Nxe7+
{[%clk 00:40:19]} {[%emt 00:00:04]} Kf7 {[%clk 00:18:35]} {[%emt 00:00:25]} 36.
Nxd8+ {[%clk 00:40:40]} {[%emt 00:00:09]} Kxe7 {[%clk 00:18:59]} {[%emt
00:00:06]} 37. Nc6+ {[%clk 00:40:51]} {[%emt 00:00:19]} Ke6 {[%clk 00:18:54]}
{[%emt 00:00:35]} 38. Ne5 {[%clk 00:40:48]} {[%emt 00:00:33]} Nxe5+ {[%clk
00:19:00]} {[%emt 00:00:24]} 39. dxe5 {[%clk 00:41:15]} {[%emt 00:00:03]} Kxe5
{[%clk 00:19:22]} {[%emt 00:00:09]} 40. Kc4 {[%clk 00:41:38]} {[%emt 00:00:06]}
Ke6 {[%clk 00:19:31]} {[%emt 00:00:22]} 41. Kb4 {[%clk 00:41:43]} {[%emt
00:00:24]} Kd5 {[%clk 00:19:36]} {[%emt 00:00:26]} 42. e4+ {[%clk 00:42:00]}
{[%emt 00:00:13]} Kc6 {[%clk 00:19:42]} {[%emt 00:00:24]} 43. e5 {[%clk
00:42:13]} {[%emt 00:00:17]} Kd5 {[%clk 00:19:49]} {[%emt 00:00:23]} 44. Ka5
{[%clk 00:42:35]} {[%emt 00:00:08]} Kxc5 {[%clk 00:19:48]} {[%emt 00:00:30]}
45. Kxa6 {[%clk 00:43:00]} {[%emt 00:00:06]} Kd5 {[%clk 00:19:49]} {[%emt
00:00:28]} 46. b4 {[%clk 00:43:28]} {[%emt 00:00:03]} Kxe5 {[%clk 00:19:06]}
{[%emt 00:01:13]} 47. b5 {[%clk 00:43:55]} {[%emt 00:00:03]} Kd5 {[%clk
00:19:13]} {[%emt 00:00:23]} 48. b6 {[%clk 00:44:21]} {[%emt 00:00:04]} Kc6
{[%clk 00:18:57]} {[%emt 00:00:44]} 49. b7 {[%clk 00:44:48]} {[%emt 00:00:04]}
1-0

[Event "DEM U12w 2024"]
[Site "Willingen GER"]
[Date "2024.05.23"]
[Round "7"]
[White "Jordan, Christina"]
[Black "Chen, Yueyi"]
[Result "1-0"]
[Termination "normal"]
[Board "4"]
[WhiteElo "1802"]
[BlackElo "1795"]
[WhiteClock "00:10:41"]
[BlackClock "00:36:58"]
[PlyCount "97"]
[WhiteFideId "1347977"]
[BlackFideId "34653902"]
[EventCountry "GER"]
[EventRounds "9"]
[EventType "swiss"]
[EventDate "2024.05.18"]

1. e4 {[%clk 01:30:58]} c5 {[%clk 01:30:55]} {[%emt 00:00:06]} 2. Nf3 {[%clk
01:31:22]} {[%emt 00:00:06]} a6 {[%clk 01:31:18]} {[%emt 00:00:08]} 3. Nc3
{[%clk 01:29:04]} {[%emt 00:02:48]} b5 {[%clk 01:31:30]} {[%emt 00:00:18]} 4.
d4 {[%clk 01:25:19]} {[%emt 00:04:16]} cxd4 {[%clk 01:31:43]} {[%emt 00:00:16]}
5. Nxd4 {[%clk 01:24:48]} {[%emt 00:01:01]} Bb7 {[%clk 01:30:28]} {[%emt
00:01:45]} 6. a3 {[%clk 01:17:33]} {[%emt 00:07:46]} d6 {[%clk 01:27:07]}
{[%emt 00:03:51]} 7. Be3 {[%clk 01:15:10]} {[%emt 00:02:52]} Nf6 {[%clk
01:24:52]} {[%emt 00:02:46]} 8. f3 {[%clk 01:14:04]} {[%emt 00:01:37]} Nbd7
{[%clk 01:23:05]} {[%emt 00:02:16]} 9. Qd2 {[%clk 01:11:27]} {[%emt 00:03:07]}
Nb6 {[%clk 01:22:02]} {[%emt 00:01:33]} 10. Qf2 {[%clk 01:02:35]} {[%emt
00:09:22]} Nfd7 {[%clk 01:17:17]} {[%emt 00:05:15]} 11. O-O-O {[%clk 00:55:40]}
{[%emt 00:07:25]} e6 {[%clk 01:15:09]} {[%emt 00:02:39]} 12. f4 {[%clk
00:46:10]} {[%emt 00:10:01]} Qc7 {[%clk 01:10:53]} {[%emt 00:04:46]} 13. Kb1
{[%clk 00:44:04]} {[%emt 00:02:36]} Nc4 {[%clk 01:08:00]} {[%emt 00:03:23]} 14.
Bc1 {[%clk 00:40:16]} {[%emt 00:04:18]} Nxa3+ {[%clk 01:03:34]} {[%emt
00:04:55]} 15. bxa3 {[%clk 00:39:26]} {[%emt 00:01:20]} Qxc3 {[%clk 01:03:53]}
{[%emt 00:00:11]} 16. Bb2 {[%clk 00:39:02]} {[%emt 00:00:55]} Qc7 {[%clk
01:01:42]} {[%emt 00:02:40]} 17. Bd3 {[%clk 00:37:08]} {[%emt 00:02:24]} Nc5
{[%clk 01:00:11]} {[%emt 00:02:02]} 18. Rhe1 {[%clk 00:34:13]} {[%emt
00:03:26]} Na4 {[%clk 00:58:38]} {[%emt 00:02:02]} 19. Qe3 {[%clk 00:29:33]}
{[%emt 00:05:10]} Be7 {[%clk 00:54:26]} {[%emt 00:04:43]} 20. Qg3 {[%clk
00:27:23]} {[%emt 00:02:39]} Qd8 {[%clk 00:48:20]} {[%emt 00:06:36]} 21. e5
{[%clk 00:22:29]} {[%emt 00:05:24]} dxe5 {[%clk 00:44:42]} {[%emt 00:04:09]}
22. Nxe6 {[%clk 00:22:04]} {[%emt 00:00:55]} Qa5 {[%clk 00:41:59]} {[%emt
00:03:12]} 23. Qxg7 {[%clk 00:07:44]} {[%emt 00:14:49]} Bxa3 {[%clk 00:29:48]}
{[%emt 00:12:41]} 24. Qxh8+ {[%clk 00:04:42]} {[%emt 00:03:32]} Ke7 {[%clk
00:29:51]} {[%emt 00:00:28]} 25. Bxa3+ {[%clk 00:03:49]} {[%emt 00:01:23]} b4
{[%clk 00:29:32]} {[%emt 00:00:48]} 26. Qxe5 {[%clk 00:03:17]} {[%emt
00:01:02]} Nc3+ {[%clk 00:29:01]} {[%emt 00:01:02]} 27. Qxc3 {[%clk 00:03:23]}
{[%emt 00:00:23]} Qxa3 {[%clk 00:28:39]} {[%emt 00:00:52]} 28. Qxa3 {[%clk
00:03:50]} {[%emt 00:00:04]} bxa3 {[%clk 00:29:05]} {[%emt 00:00:04]} 29. Nc5+
{[%clk 00:04:16]} {[%emt 00:00:04]} Kf6 {[%clk 00:29:29]} {[%emt 00:00:06]} 30.
Nxb7 {[%clk 00:04:40]} {[%emt 00:00:06]} Rb8 {[%clk 00:29:53]} {[%emt
00:00:05]} 31. Bxa6 {[%emt 00:00:04]} Ra8 {[%emt 00:00:05]} 32. Nc5 {[%clk
00:04:47]} {[%emt 00:00:15]} Rb8+ {[%clk 00:30:17]} {[%emt 00:00:07]} 33. Nb3
{[%clk 00:04:55]} {[%emt 00:00:21]} Rb6 {[%clk 00:30:42]} {[%emt 00:00:05]} 34.
Bd3 {[%clk 00:05:06]} {[%emt 00:00:18]} Rb4 {[%clk 00:31:05]} {[%emt 00:00:07]}
35. Ka2 {[%clk 00:05:32]} {[%emt 00:00:04]} Rxf4 {[%clk 00:31:30]} {[%emt
00:00:05]} 36. Kxa3 {[%clk 00:05:58]} {[%emt 00:00:04]} Kg7 {[%clk 00:31:54]}
{[%emt 00:00:06]} 37. Rf1 {[%clk 00:06:10]} {[%emt 00:00:17]} Rh4 {[%clk
00:32:07]} {[%emt 00:00:17]} 38. h3 {[%emt 00:00:07]} Rh6 {[%clk 00:32:33]} 39.
Bc4 {[%clk 00:07:01]} {[%emt 00:00:05]} Rf6 {[%clk 00:32:59]} {[%emt 00:00:04]}
40. Rxf6 {[%clk 00:07:28]} {[%emt 00:00:04]} Kxf6 {[%clk 00:33:27]} {[%emt
00:00:03]} 41. Rf1+ {[%clk 00:07:52]} {[%emt 00:00:05]} Ke5 {[%clk 00:33:53]}
{[%emt 00:00:03]} 42. Rxf7 {[%clk 00:08:18]} {[%emt 00:00:04]} Ke4 {[%clk
00:34:18]} {[%emt 00:00:05]} 43. Re7+ {[%clk 00:08:35]} {[%emt 00:00:13]} Kf5
{[%clk 00:34:44]} {[%emt 00:00:04]} 44. Nd4+ {[%clk 00:08:59]} {[%emt
00:00:06]} Kf6 {[%clk 00:35:12]} {[%emt 00:00:03]} 45. Re6+ {[%clk 00:09:24]}
{[%emt 00:00:05]} Kg7 {[%clk 00:35:38]} {[%emt 00:00:04]} 46. Nf5+ {[%clk
00:09:49]} {[%emt 00:00:05]} Kf8 {[%clk 00:36:04]} {[%emt 00:00:04]} 47. Ra6
{[%clk 00:09:51]} {[%emt 00:00:27]} Ke8 {[%clk 00:36:31]} {[%emt 00:00:04]} 48.
Ra7 {[%clk 00:10:17]} {[%emt 00:00:04]} Kf8 {[%clk 00:36:58]} {[%emt 00:00:03]}
49. Ra8# {[%clk 00:10:41]} {[%emt 00:00:06]} 1-0

[Event "DEM U12w 2024"]
[Site "Willingen GER"]
[Date "2024.05.23"]
[Round "7"]
[White "Busch, Lara Sophie"]
[Black "Stiehler, Mara"]
[Result "1-0"]
[Termination "normal"]
[Board "5"]
[WhiteElo "1585"]
[BlackElo "1739"]
[WhiteClock "00:29:49"]
[BlackClock "00:19:00"]
[PlyCount "79"]
[WhiteFideId "34664866"]
[BlackFideId "34621199"]
[EventCountry "GER"]
[EventRounds "9"]
[EventType "swiss"]
[EventDate "2024.05.18"]

1. e4 {[%clk 01:30:58]} {[%emt 00:00:01]} e6 {[%clk 01:30:56]} {[%emt
00:00:05]} 2. d4 {[%clk 01:31:22]} {[%emt 00:00:06]} d5 {[%clk 01:31:22]}
{[%emt 00:00:04]} 3. exd5 {[%clk 01:31:42]} {[%emt 00:00:10]} exd5 {[%clk
01:31:45]} {[%emt 00:00:07]} 4. c4 {[%clk 01:31:58]} {[%emt 00:00:13]} Bb4+
{[%clk 01:32:04]} {[%emt 00:00:11]} 5. Nc3 {[%clk 01:32:20]} {[%emt 00:00:09]}
Nf6 {[%clk 01:32:15]} {[%emt 00:00:19]} 6. Nf3 {[%clk 01:31:37]} {[%emt
00:01:13]} O-O {[%clk 01:31:32]} {[%emt 00:01:14]} 7. a3 {[%clk 01:30:24]}
{[%emt 00:01:43]} Bxc3+ {[%clk 01:31:24]} {[%emt 00:00:38]} 8. bxc3 {[%clk
01:30:42]} {[%emt 00:00:12]} Nc6 {[%clk 01:30:25]} {[%emt 00:01:30]} 9. Be3
{[%clk 01:28:35]} {[%emt 00:02:36]} Re8 {[%clk 01:27:25]} {[%emt 00:03:30]} 10.
h3 {[%clk 01:27:33]} {[%emt 00:01:33]} Na5 {[%clk 01:25:05]} {[%emt 00:02:49]}
11. Qa4 {[%clk 01:21:51]} {[%emt 00:06:12]} c6 {[%clk 01:20:19]} {[%emt
00:05:17]} 12. Bd3 {[%clk 01:18:36]} {[%emt 00:03:44]} dxc4 {[%clk 01:20:08]}
{[%emt 00:00:41]} 13. Bxc4 {[%clk 01:03:58]} {[%emt 00:15:09]} b5 {[%clk
01:15:23]} {[%emt 00:05:14]} 14. Bxb5 {[%clk 01:03:31]} {[%emt 00:00:57]} cxb5
{[%clk 01:15:34]} {[%emt 00:00:18]} 15. Qxb5 {[%clk 01:03:03]} {[%emt
00:00:58]} Be6 {[%clk 01:12:48]} {[%emt 00:03:16]} 16. Nd2 {[%clk 00:59:21]}
{[%emt 00:04:12]} Rc8 {[%clk 01:06:35]} {[%emt 00:06:43]} 17. Qd3 {[%clk
00:53:29]} {[%emt 00:06:22]} Nc4 {[%clk 01:01:22]} {[%emt 00:05:42]} 18. O-O
{[%clk 00:51:48]} {[%emt 00:02:10]} Nxd2 {[%clk 01:01:16]} {[%emt 00:00:37]}
19. Qxd2 {[%clk 00:52:01]} {[%emt 00:00:17]} Ne4 {[%clk 01:01:13]} {[%emt
00:00:34]} 20. Qd3 {[%clk 00:49:17]} {[%emt 00:03:11]} Bc4 {[%clk 01:00:50]}
{[%emt 00:00:56]} 21. Qc2 {[%clk 00:49:11]} {[%emt 00:00:31]} Bxf1 {[%clk
01:00:55]} {[%emt 00:00:29]} 22. Rxf1 {[%clk 00:49:07]} {[%emt 00:00:34]} Rxc3
{[%clk 01:00:54]} {[%emt 00:00:33]} 23. Qb2 {[%clk 00:48:31]} {[%emt 00:01:04]}
Qa5 {[%clk 00:58:16]} {[%emt 00:03:09]} 24. Re1 {[%clk 00:43:43]} {[%emt
00:05:13]} Rxa3 {[%clk 00:56:03]} {[%emt 00:02:48]} 25. Bd2 {[%clk 00:42:29]}
{[%emt 00:01:44]} Ra2 {[%clk 00:54:42]} {[%emt 00:01:52]} 26. Rxe4 {[%clk
00:40:28]} {[%emt 00:02:31]} Ra1+ {[%clk 00:47:27]} {[%emt 00:07:45]} 27. Kh2
{[%clk 00:39:42]} {[%emt 00:01:16]} Qc7+ {[%clk 00:35:21]} {[%emt 00:12:36]}
28. Bf4 {[%clk 00:39:10]} {[%emt 00:01:02]} Qd7 {[%clk 00:33:20]} {[%emt
00:02:31]} 29. Rxe8+ {[%clk 00:39:13]} {[%emt 00:00:27]} Qxe8 {[%clk 00:33:27]}
{[%emt 00:00:23]} 30. Qxa1 {[%clk 00:39:23]} {[%emt 00:00:20]} Qd7 {[%clk
00:31:40]} {[%emt 00:02:17]} 31. Bb8 {[%clk 00:36:42]} {[%emt 00:02:58]} h6
{[%clk 00:26:59]} {[%emt 00:05:24]} 32. Qxa7 {[%clk 00:35:53]} {[%emt
00:01:18]} Qf5 {[%clk 00:26:11]} {[%emt 00:01:19]} 33. f3 {[%clk 00:34:04]}
{[%emt 00:02:18]} Qb5 {[%clk 00:24:18]} {[%emt 00:02:22]} 34. Bg3 {[%clk
00:33:07]} {[%emt 00:01:26]} Kh7 {[%clk 00:22:51]} {[%emt 00:01:58]} 35. Qxf7
{[%clk 00:32:00]} {[%emt 00:01:37]} Qg5 {[%clk 00:21:16]} {[%emt 00:02:05]} 36.
d5 {[%clk 00:30:54]} {[%emt 00:01:36]} h5 {[%clk 00:21:35]} {[%emt 00:00:11]}
37. h4 {[%clk 00:30:39]} {[%emt 00:00:45]} Qh6 {[%clk 00:20:21]} {[%emt
00:01:44]} 38. d6 {[%clk 00:29:48]} {[%emt 00:01:22]} Qd2 {[%clk 00:19:40]}
{[%emt 00:01:12]} 39. Qxh5+ {[%clk 00:29:38]} {[%emt 00:00:39]} Kg8 {[%clk
00:19:00]} {[%emt 00:01:10]} 40. Qe8+ {[%clk 00:29:49]} {[%emt 00:00:17]} 1-0